Statistics for Biggest Cities in Brazil

Click here to take the quiz!

General Stats

  • This quiz has been taken 26,200 times
    (18,899 since last reset)
  • The average score is 10 of 20

Answer Stats

PopulationCity% Correct
6,747,820Rio de Janeiro
100%
12,214,440São Paulo
97%
2,950,600Brasília
94%
2,521,560Belo Horizonte
73%
2,208,330Manaus
71%
1,653,460Recife
63%
1,488,250Porto Alegre
60%
2,885,910Salvador
60%
2,686,610Fortaleza
55%
1,948,630Curitiba
49%
1,486,810Belém
49%
890,480Natal
33%
1,192,920Campinas
28%
1,047,440São Luís
26%
1,530,290Goiânia
25%
893,940Campo Grande
18%
1,024,680Maceió
16%
1,392,120Guarulhos
14%
1,090,940São Gonçalo
10%
921,480Duque de Caxias
10%

Score Distribution

Percentile by Number Answered

Percent of People with Each Score

Your Score History

You have not taken this quiz since the last reset